| 000 | 00484cam a2200145 4500500 | ||
|---|---|---|---|
| 005 | 20251012021627.0 | ||
| 041 | _afre | ||
| 042 | _adc | ||
| 100 | 1 | 0 |
_aRoullière, Yves _eauthor |
| 245 | 0 | 0 | _aAnne Dujin, NOYAU MANQUANT Gallimard, « Blanche », 2024, 102 p., 17 €. |
| 260 | _c2024. | ||
| 500 | _a54 | ||
| 786 | 0 | _nChristus | º284 | 4 | 2024-10-01 | p. 125-126 | 0009-5834 | |
| 856 | 4 | 1 | _uhttps://shs.cairn.info/revue-christus-2024-4-page-125?lang=fr&redirect-ssocas=7080 |
| 999 |
_c1538947 _d1538947 |
||